Normal view
MARC view
Entry Personal Name
Number of records used in: 448
001 - CONTROL NUMBER
- control field: 53016
003 - CONTROL NUMBER IDENTIFIER
- control field: dpl
005 - DATE AND TIME OF LATEST TRANSACTION
- control field: 20121010142947.0
008 - FIXED-LENGTH DATA ELEMENTS
- fixed length control field: 121010|||a|||||| | ||| d
040 ## - CATALOGING SOURCE
- Original cataloging agency: dpl
- Transcribing agency: dpl
100 ## - HEADING--PERSONAL NAME
- Personal name: नलावडे, रामचंद्र
670 ## - SOURCE DATA FOUND
- Source citation: Work cat.: (dpl): नलावडे, रामचंद्र, घरकुल /, 2012
670 ## - SOURCE DATA FOUND
- Source citation: Work cat.: (dpl): नलावडे, रामचंद्र, घरकुल /, 2012
